ბათუმის შოთა რუსთაველის სახელმწიფო უნივერსიტეტის ბიბლიოთეკა

ჩანაწერი Corporate Name

ჩანაწერთა რაოდენობა, რომელიც გამოყენებულია: 1

001 - CONTROL NUMBER

  • control field: 21537

003 - CONTROL NUMBER IDENTIFIER

  • control field: GE_BSU

005 - DATE AND TIME OF LATEST TRANSACTION

  • control field: 20240321172526.0

008 - FIXED-LENGTH DATA ELEMENTS

  • fixed length control field: 240321|| aca||aabn | a|a d

040 ## - CATALOGING SOURCE

  • Original cataloging agency: GE_BSU
  • Transcribing agency: GE_BSU

110 ## - HEADING--CORPORATE NAME

  • Corporate name or jurisdiction name as entry element: კორნელი კეკელიძის სახელობის საქართველოს ხელნაწერთა ცენტრი, საქართველოს საპატრიარქოს ქართველოლოგიური კვლევის ცენტრი

670 ## - SOURCE DATA FOUND

  • Source citation: Work cat.: (GE_BSU): შიო (მუჯირი), მიტროპოლიტი, ავტორი. 21535, ღირსი ალექსი სენაკელი (შუშანია) :